00320nam a2200133Ia 4500008004100000020001500041041001200056082001600068100000800084245004100092260002900133300000800162650001600170221030s9999 xx 000 0 und d a8176566128 aEnglish a105.23bBPB aBPB 0aMicroprocessor Data Handbookcby BPB bBPB PubaNew Delhic2003 a844 aBE Computer